00745nam a22002057a 450000500170000001000150001702000260003203500130005803700130007108200110008410000250009524500630012026000420018327000790022530000210030450000500032594200250037599900170040095201220041720140925115602.0 aENG-110916 a9788192958248c625.00 aEN-94448 bDBAD/PUB a307.72 aVijay Kumar 'Piyush' aRural sociology and social work /cby Vijay Kumar 'Piyush' aNew DelhibGyan Geeta Prakashanc2014 aF-7, Gali no. 1, Panchsheel Garden Ext. Naveen ShahdarabNew Delhie110032 a320p. c23cm(Hb) aIncludes bibliographical references and index 2ddccENmVIJh307.72 c88837d88837 001040708NFICaBL4bBL4d2014-09-19eDBAD/PUBg625.00l0o307.72 VIJpEN-94448r2014-09-19 00:00:00t1v625.00yEN